| Tag |
First Indicator |
Second Indicator |
Subfields |
| LEADER |
00000pam a2200000 a 4500 |
| 001 |
in00000051067 |
| 005 |
20151007080144.0 |
| 008 |
820128s1982 nyua j b 00110 eng |
| 010 |
|
|
|a 82001962
|
| 020 |
|
|
|a 0531043967 (lib. bdg.)
|
| 035 |
|
|
|a (OCoLC)08169997
|
| 035 |
|
|
|9 AAF4334AM
|
| 039 |
0 |
|
|a 2
|b 3
|c 3
|d 3
|e 3
|
| 040 |
|
|
|a DLC
|c DLC
|d TXA
|d UtOrBLW
|
| 049 |
|
|
|a [Curr Col] TXAM
|c [1387741]
|
| 050 |
0 |
0 |
|a GV1469.2
|b D53 1982
|
| 082 |
0 |
|
|a 794
|2 19
|
| 100 |
1 |
|
|a D'Ignazio, Fred.
|
| 245 |
1 |
0 |
|a Electronic games /
|c by Fred D'Ignazio.
|
| 264 |
|
1 |
|a New York :
|b F. Watts,
|c 1982.
|
| 300 |
|
|
|a 64 pages :
|b illustrations ;
|c 23 cm.
|
| 336 |
|
|
|a text
|b txt
|2 rdacontent
|
| 337 |
|
|
|a unmediated
|b n
|2 rdamedia
|
| 338 |
|
|
|a volume
|b nc
|2 rdacarrier
|
| 490 |
1 |
|
|a A First book
|
| 500 |
|
|
|a Includes index.
|
| 504 |
|
|
|a Bibliography: pages 62-63.
|
| 520 |
|
|
|a Discusses the development of electronic games, their basic operation and design, available accessories, rules of some of the most popular games, and the winning strategies of several champion players.
|
| 650 |
|
0 |
|a Electronic games
|x Juvenile literature.
|
| 650 |
|
1 |
|a Electronic games.
|
| 830 |
|
0 |
|a First book.
|
| 999 |
|
|
|a MARS
|
| 999 |
f |
f |
|s a8467f89-9cff-3024-8aa1-e873aa3e74bc
|i 158676e4-8411-3281-9129-4f78854f2556
|t 0
|
| 952 |
f |
f |
|p normal
|a Texas A&M University
|b College Station
|c Sterling C. Evans Library
|d Evans: Curriculum Collection (4th floor)
|t 0
|e GV1469.2 D53 1982
|h Library of Congress classification
|i unmediated -- volume
|m A14805939798
|
| 998 |
f |
f |
|a GV1469.2 D53 1982
|t 0
|l Evans: Curriculum Collection (4th floor)
|